| 000 | 00885cam a2200253 a 4500 | ||
|---|---|---|---|
| 001 | .b53939207 | ||
| 003 | OSt | ||
| 005 | 20131212142058.0 | ||
| 008 | 121218s2012 sp d||| |||| 000 0 spa|c | ||
| 020 | _a9788430954469 | ||
| 040 |
_cCDMR _bcat |
||
| 245 | 0 | 0 |
_aComunicación y terrorismo _cUbaldo Cuesta, María José Canel, Mario G. Gurrionero (editores) ; autores: Jacob Bañuelos Capistrán... [et al.] |
| 260 |
_aMadrid _bTecnos _ccop. 2012 |
||
| 300 |
_a348 p. : _c23 cm |
||
| 650 | 0 | 4 | _aTerrorisme en els mitjans de comunicació de massa |
| 650 | 0 | 4 |
_aMitjans de comunicació de massa _93542 _xInfluència |
| 650 | 0 | 4 |
_aComunicació en l'administració _93870 |
| 650 | 0 | 4 |
_aPolítica de la comunicació _94364 |
| 700 | 1 | _aCuesta Cambra, Ubaldo | |
| 700 | 1 | _aCanel, María José | |
| 700 | 1 | _aGurrionero, Mario G. | |
| 700 | 1 | _aBañuelos Capistrán, Jacob | |
| 942 |
_2udc _cMON |
||
| 999 |
_c6048 _d6048 |
||